Brooklyn 99 - characters - Statistics

General Stats
  • This quiz has been taken 310 times
  • The average score is 14 of 16
Answer Stats
Picture Answer % Correct
Sgt. Amy Santiago
100%
Det. Charles Boyle
99%
Det. Jake Peralta
99%
Lt. Terry Jeffords
99%
PI Rosa Diaz
99%
Capt Raymond Holt
98%
Gina Linetti
97%
Norm Scully
96%
Det. Michael Hitchcock
95%
Kevin Cozner
95%
Cheddar the dog
94%
Doug Judy
94%
Adrian Pimento
90%
Nikolaj Boyle
81%
Capt. Madeline Wuntch
76%
Cagney and Lacey Jeffords
12%
No matching quizzes found
Score Distribution
Percent of People with Each Score
Percentile by Number Answered
Your Score History
You have not taken this quiz